| Поле | Инд. | ПП | Название | Значение |
|---|---|---|---|---|
| Тип записи | a | |||
| Библиографический уровень | m | |||
| 001 | Контрольный номер | adb1f188536b4fccbb8ceeb09a390088 | ||
| 005 | Дата корректировки | 20240422122612.7 | ||
| 008 | Кодируемые данные | 160711|||||||||ru |||||||||||||||||rus|| | ||
| 020 | a | ISBN | 978-5-4222-0283-6 | |
| 041 | 0_ | a | Код языка текста | rus |
| 084 | a | Индекс другой классификации/Индекс ББК | 81.0+81.2Р-7+76 | |
| 090 | a | Полочн. индекс | 81.2Р | |
| x | Авторский знак | И 19 | ||
| 100 | 1_ | a | Автор | Иванищева О. Н. |
| 245 | 10 | a | Заглавие | Толерантный дискурс в современном обществе |
| b | Продолж. заглавия | учеб. пособие [для студентов, обучающихся по направлениям подгот. бакалавриата 031300.62 (42.03.02) "Журналистика", магистратуры 42.04.02 "Журналистика" и 44.04.01 "Педагогическое образование"] | ||
| c | Ответственность | М-во образования и науки Рос. Федерации, Мурман. гос. гуманитар. ун-т | ||
| 260 | a | Место издания | Мурманск | |
| b | Издательство | Изд-во МГГУ | ||
| c | Дата издания | 2015 | ||
| 300 | a | Объем | 135 с. | |
| 500 | a | Примечание | Имеется электрон. аналог 2015 г. | |
| 504 | a | Библиография | Библиогр. после каждой гл. | |
| 583 | x | Служебное примечание | Журналистика. ВПО | |
| x | Служебное примечание | Пед. специальности. ВПО | ||
| z | Открытое примечание | 42.03.02 | ||
| z | Открытое примечание | 42.04.02 | ||
| z | Открытое примечание | 44.04.01 | ||
| 650 | 04 | a | Основная рубрика | Языкознание-Учебные издания для высших учебных заведений |
| 653 | 0_ | a | Ключевые слова | Газетно-публицистический дискурс; Дискурс; Толерантность; Толерантность межкультурная; Толерантный газетный дискурс; Языкознание |
| 700 | 12 | a | Другие авторы | Жданова И. И. |
| 710 | 12 | a | Организация/ юрисдикция | Мурманский государственный гуманитарный университет |
| 901 | t | Тип документа | m | |
| 952 | c | Вид литературы | учебное пособие |